| 000 | 00799nam a2200265 i 4500 | ||
|---|---|---|---|
| 001 | bg | ||
| 100 | 1 | _aZYCH, Adam A. | |
| 245 | 1 | 0 |
_aCzłowiek wobec starości : _bszkice z gerontologii społecznej / _cAdam A. Zych. |
| 260 |
_aKatowice : _b"Śląsk", _c1999. |
||
| 300 |
_a163, [2] s. ; _c21 cm. |
||
| 490 | 1 | _aBiblioteka Pracownika Socjalnego | |
| 504 | _aBibliogr. s. 155-163. | ||
| 650 | 9 |
_aGerontologia _xzagadnienia |
|
| 650 | 9 |
_aMedycyna społeczna _xzagadnienia |
|
| 650 | 9 |
_aStarość _xpsychologia |
|
| 650 | 9 |
_aStarość _xsocjologia |
|
| 830 | _aBiblioteka Pracownika Socjalnego | ||
| 020 | _a8370604358 | ||
| 040 | _cBPK | ||
| 041 | 0 | _apl | |
| 080 | _a316.346.3:159.9:616-058]-053.9 | ||
| 920 | _a83-7060-435-8 | ||
| 942 | _cKS | ||
| 008 | s pl f |000 0 pol | ||
| 999 |
_c38490 _d38490 |
||
| 856 |
_uhttp://koha.tu.koszalin.pl/cgi-bin/koha/opac-detail.pl?biblionumber=38490 _yKatalog online BPK |
||